| 000 | 00358nam a2200145Ia 4500 | ||
|---|---|---|---|
| 999 |
_c10567 _d10567 |
||
| 003 | OSt | ||
| 005 | 20220404140458.0 | ||
| 008 | 220318s9999 xx 000 0 und d | ||
| 020 | _a9781632390004 | ||
| 082 | _a712 | ||
| 100 | _aChu, Peter | ||
| 245 | 0 | _aHandbook of Landscape Architecture and Engineering | |
| 260 |
_bcallisto reference _c2015 |
||
| 942 | _2ddc | ||